| 000 | 00933nam a2200229Ii 4500 | ||
|---|---|---|---|
| 003 | JO-AjNU | ||
| 008 | 230605s9999||||xx |||||||||||||| ||und|| | ||
| 017 | _a2021/3/1952 | ||
| 020 | _a978-9923-25-362-5 | ||
| 040 |
_aJO-AjNU _bara _erda _cJO-AjNU |
||
| 041 | _aara | ||
| 050 | 1 | 4 | _aLB1027.25.H3776 2021 |
| 100 | 3 |
_aالحريري، رافدة، م.مشارك حسن الوادي، م.مشارك عباس الامامي, _eauthor _962319 |
|
| 245 | 0 | 0 | _aفاعلية الانشطة المدرسية اللاصفية في تحقيق النمو الشامل للتلاميذ |
| 250 | _aط1 | ||
| 264 | 3 | 1 | _aعمان: دار امجد للنشر واللتوزيع، 2021 |
| 300 | _a214ص | ||
| 336 |
_atext _btxt _2rdacontent |
||
| 337 |
_aunmediated _bn _2rdamedia |
||
| 338 |
_avolume _bnc _2rdacarrier |
||
| 650 | 4 |
_aالانشطة غير التعليمية-البرمج التنموية-الادارة التربوية _962320 |
|
| 999 |
_aA28214 _c31782 _d31782 |
||